|
|
|
|
| LEADER |
00000cam a2200000 a 4500 |
| 001 |
vtls010592760 |
| 003 |
SK-MaSNL |
| 005 |
20260301044552.0 |
| 008 |
240318s2014 xo g 000 e slo |
| 015 |
|
|
|a SNBA2014/05
|
| 020 |
|
|
|a 9788081580086
|q (brož.)
|
| 035 |
|
|
|a 8D324E6D-529A-4B3D-9B2A-865224130C11
|
| 035 |
|
|
|a urn:nbn:sk:snk-amkceb
|
| 035 |
|
|
|a urn:nbn:sk:snk-am003we8
|
| 040 |
|
|
|a SNK
|b slo
|c SNK
|e AACR2
|
| 041 |
1 |
|
|a slo
|h ger
|
| 044 |
|
|
|a xo
|c SK
|
| 072 |
|
7 |
|a 27-1/-2
|x Kresťanská teológia. Dogmatická teológia
|2 konspekt
|
| 080 |
|
|
|a 2-587.5
|2 2001
|
| 080 |
|
|
|a 27-188.5
|2 2001
|
| 080 |
|
|
|a 27
|2 2001
|
| 080 |
|
|
|a (049)
|2 2001
|
| 080 |
|
|
|a 27-144.81-175.7
|2 2001
|
| 080 |
|
|
|a 27-277.2
|2 2001
|
| 100 |
1 |
|
|a Gassmann, Lothar,
|d 1958-
|4 aut
|9 221244
|
| 240 |
1 |
4 |
|a Die himmlische Herrlichkeit
|l Slovensky
|
| 245 |
1 |
0 |
|a Nebeská nádhera
|c Lothar Gassmann ; [preklad z nemčiny Peter Najman]
|
| 260 |
|
|
|a Bratislava
|b MSEJK
|c 2014
|
| 300 |
|
|
|a 39 s.
|c 18 cm
|
| 650 |
0 |
7 |
|a zjavenia
|2 SNKPH
|9 1965
|
| 650 |
0 |
7 |
|a Heaven
|2 SNKPHeng
|9 351210
|
| 650 |
0 |
7 |
|a Christian faith
|2 SNKPHeng
|9 266204
|
| 650 |
0 |
7 |
|a Revelations
|2 SNKPHeng
|9 303102
|
| 650 |
0 |
7 |
|a nebo
|2 SNKPH
|9 83763
|
| 650 |
0 |
7 |
|a kresťanská viera
|2 SNKPH
|9 1712
|
| 650 |
0 |
7 |
|a Božie kráľovstvo
|2 SNKPH
|9 23403
|
| 650 |
0 |
7 |
|a Kingdom of God
|2 SNKPHeng
|9 344034
|
| 650 |
0 |
7 |
|a biblické citáty
|2 SNKPH
|9 1914
|
| 650 |
0 |
7 |
|a Biblical sentences
|2 SNKPHeng
|9 267539
|
| 655 |
|
7 |
|a rozpravy
|2 SNKPH
|9 70559
|
| 655 |
|
7 |
|a Essays
|2 SNKPHeng
|9 267540
|
| 700 |
1 |
|
|a Najman, Peter
|4 trl
|9 351211
|
| 852 |
|
|
|a Štátna vedecká knižnica v Banskej Bystrici
|
| 919 |
|
|
|a 978-80-8158-008-6
|
| 958 |
|
|
|a NT
|
| 958 |
|
|
|a OP
|
| 999 |
|
|
|c 596295
|d 598225
|
| 952 |
|
|
|a SNK
|b SNK
|y PREZ
|7 0
|p 17A1110200
|o snkSD 83208
|i snk2014/11290
|8 0
|0 0
|1 0
|4 0
|d 2014-05-13
|f 1
|l 0
|r 2025-12-04 00:00:00
|w 2026-02-23
|
| 952 |
|
|
|a SNK
|b SNK
|y VYP
|7 0
|p 17A1110199
|o snkSD 83208 D1
|i snk2014/11291
|8 0
|0 0
|1 0
|4 0
|d 2014-05-13
|l 0
|r 2017-06-30 00:00:00
|w 2026-02-23
|